00649nam a22002177a 4500003000500000005001700005008004100022010001000063011001000073035001000083040000900093100002700102245006800129260006300197300001800260490003400278650003000312650002800342700002700370830003400397CHAP20220329134640.0971013s1962 r 00010 d a23596 a24568 a28667 cCHAP00aChristensen, Clayde M. aDaños que causan en México los hongos de granos almacenados aMéxico, D.F. :bCentro Regional de Ayuda Técnia,c1962 a27 p.b: ilus aINIA. Folleto técnicov; 4414aCerealesxAlmacenamiento.14aHongos fitopatógenos.0 aLópez, Luis César.0 aINIA. Folleto técnicov; 44